书目信息 |
| 题名: |
医本神奇
|
|
| 作者: | 甄雪燕 , 赵歆 , 王利敏 主编 | |
| 分册: | ||
| 出版信息: | 武汉 华中科技大学出版社 2024.03 |
|
| 页数: | 153页 | |
| 开本: | 21cm | |
| 丛书名: | 常读常新经典故事系列 | |
| 单 册: | ||
| 中图分类: | R2-49 | |
| 科图分类: | ||
| 主题词: | 中国医药学--zhong guo yi yao xue--普及读物 | |
| 电子资源: | ||
| ISBN: | 978-7-5772-0478-9 | |
| 000 | 01691nam 2200301 450 | |
| 001 | 94262 | |
| 005 | 20250820093932.24 | |
| 010 | @a978-7-5772-0478-9@dCNY42.00 | |
| 100 | @a20240323d2024 em y0chiy50 ea | |
| 101 | 0 | @achi |
| 102 | @aCN@b420000 | |
| 105 | @aa z 000yy | |
| 106 | @ar | |
| 200 | 1 | @a医本神奇@Ayi ben shen qi@e中医药的故事@f甄雪燕, 赵歆, 王利敏主编 |
| 210 | @a武汉@c华中科技大学出版社@d2024.03 | |
| 215 | @a153页@c彩图@d21cm | |
| 225 | 2 | @a常读常新经典故事系列@Achang du chang xin jing dian gu shi xi lie |
| 314 | @a甄雪燕, 中医医史文献学副教授。曾任北京中医药大学医史文献教研室专任教师近二十年, 从事“中国医学史”的教学与科研工作。赵歆, 北京中医药大学中医学院副教授, 硕导。主讲中国大学精品视频公开课《望闻问切话中医》, 为中华中医药学会科普分会常委, 有丰富的中医、健康、科普教育经验。王利敏, 中医诊断学专业博士, 副研究员, 任职北京中医药大学期刊中心, 从事亚健康状态研究十余年。 | |
| 330 | @a在中医药的世界里, 流传着许多神奇的故事, 蕴含着丰富的文化内涵。中医从哪里来? 它是怎样形成的? 中医是怎样看病的? 中药到底有几种味道? 药店里实木药柜里放的是什么? 我们将通过这本书, 带领大家走进神奇的中医药世界, 了解中医药的起源和历史, 探索中医药的理论与知识, 寻找药食同源的秘密与原理, 体会中医药的文化与精神, 认识中医药的先贤和耕耘者, 让大家在领略中医药魅力的同时, 学习中医药知识, 感受博大精深的中医药文化。 | |
| 410 | 0 | @12001 @a常读常新经典故事系列 |
| 517 | 1 | @a中医药的故事@Azhong yi yao de gu shi |
| 606 | 0 | @a中国医药学@Azhong guo yi yao xue@j普及读物 |
| 690 | @aR2-49@v5 | |
| 701 | 0 | @a甄雪燕@Azhen xue yan@4主编 |
| 701 | 0 | @a赵歆@Azhao xin@4主编 |
| 701 | 0 | @a王利敏@Awang li min@4主编 |
| 801 | 0 | @aCN@c20250909 |
| 905 | @a河南城建学院图书馆@dR2-49@eZ408@f1 | |
| 医本神奇:中医药的故事/甄雪燕, 赵歆, 王利敏主编.-武汉:华中科技大学出版社,2024.03 |
| 153页:彩图;21cm.-(常读常新经典故事系列) |
| ISBN 978-7-5772-0478-9:CNY42.00 |
| 在中医药的世界里, 流传着许多神奇的故事, 蕴含着丰富的文化内涵。中医从哪里来? 它是怎样形成的? 中医是怎样看病的? 中药到底有几种味道? 药店里实木药柜里放的是什么? 我们将通过这本书, 带领大家走进神奇的中医药世界, 了解中医药的起源和历史, 探索中医药的理论与知识, 寻找药食同源的秘密与原理, 体会中医药的文化与精神, 认识中医药的先贤和耕耘者, 让大家在领略中医药魅力的同时, 学习中医药知识, 感受博大精深的中医药文化。 |
| ● |
| 相关链接 |
|
|
|
正题名:医本神奇
索取号:R2-49/Z408
 
预约/预借
| 序号 | 登录号 | 条形码 | 馆藏地/架位号 | 状态 | 备注 |
| 1 | 1628188 | 216281887 | 自科库401/401自科库 8排4列3层/ [索取号:R2-49/Z408] | 在馆 |